00483 2200193 4500001002100000005001500021008004100036020001800077035001900095041000700114082001000121090001600131100001100147700000900158245003100167260002700198300001900225650004500244INLIS00000000000907120241224113746241224||||||||| | ||| |||| || |  a979-1471-80-0 0010-1224009071 aid0 a745.5 a745.5 NUN s0 aNunung0 aDewi00aSuvenir Cantik dari Handuk aJakartabDeMediac2009 a48 hlm.; 24 cm 0akerajinan tangan -- kerjianan -- suvenir